[Event "Corus-B"]
[Site "Wijk aan Zee"]
[Date "2005.01.25"]
[Round "9"]
[White "Carlsen, Magnus"]
[Black "Mamedyarov, Shakhriyar"]
[Result "1/2-1/2"]
[WhiteElo "2553"]
[BlackElo "2657"]
[Annotator "Huzman,A"]
[PlyCount "99"]
[EventDate "2005.01.15"]
[EventType "tourn"]
[EventRounds "13"]
[EventCountry "NED"]
[EventCategory "13"]
[SourceTitle "CBM 105"]
[Source "ChessBase"]
[SourceDate "2005.04.11"]
[SourceVersion "1"]
[SourceVersionDate "2005.04.11"]
[SourceQuality "1"]

1. e4 e5 2. Nf3 Nf6 3. Nxe5 d6 4. Nf3 Nxe4 5. d4 d5 6. Bd3 Bd6 7. O-O O-O 8. c4
c6 9. Re1 Re8 10. cxd5 cxd5 11. Nc3 Nxc3 12. Rxe8+ Qxe8 13. bxc3 b6 $146 {
The favourite idea of Mamedyarov is to exchange the light-squared bishops!
White tries to avoid this.} (13... Bg4 14. Rb1 (14. Be3 Qd7 (14... Qd8 15. Rb1
Nd7 16. h3 Bxf3 17. Qxf3 Nb6 18. a4 Rb8 19. a5 Na4 20. Bd2 Qxa5 21. Rb5 Qc7 22.
Rxd5 $16 {1-0 Timofeev,A-Raetsky,A/Abu Dhabi UAE 2004/(26)}) 15. Rb1 Nc6 16. h3
Bh5 17. Ne5 Bxd1 18. Nxd7 Ba4 19. Nc5 Bxc5 20. dxc5 Nd8 21. f4 Rc8 22. Kf2 Bc6
(22... Rc7 23. g4 f6 24. c4 d4 25. Bxd4 Rd7 26. Ke3 Ne6 27. Bf5 Re7 28. Bxe6+
Rxe6+ 29. Kd3 Bc6 $11 {1/2-1/2 Yemelin,V-Solozhenkin,E/St Petersburg 2000/CBM
77 (51)}) 23. g4 f6 24. h4 Ne6 25. f5 Nf8 26. c4 Nd7 27. Be2 Ne5 28. cxd5 Bxd5
$11 {1/2-1/2 Grischuk,A-Tkachiev,V/Belfort FRA 2004/(34)}) (14. Bd2 Qd7 15. Rb1
b6 16. Rb5 a6 17. Rb1 Bc7 18. h3 {1/2-1/2 Morovic Fernandez,I-Pavasovic,D/
Pinamar 2002/CBM 88 (18)}) 14... Qe7 15. h3 Bh5 16. Rb5 Qd7 17. c4 dxc4 18.
Bxh7+ $16 {1/2-1/2 Topalov,V-Gelfand,B/Monaco 2002/CBM 87 ext (35)}) (13... Nc6
14. Qb3 (14. Rb1 b6 15. Bd2 Na5 $2 (15... h6 $5) 16. Ng5 $40 {1-0 Gruenfeld,
Y-Huzman,A/Ramat Aviv ISR 2004/(23)}) 14... Qd7 15. g3 Bf8 16. Ba3 Bxa3 17.
Qxa3 Qd8 18. Re1 Be6 19. Qc1 h6 $11 {1-0 Kasparov,G-Ehlvest,J/Moscow 2002/CBM
90 (61)}) (13... Nd7 14. Qb3 Nb6 15. Ba3 Bxa3 16. Qxa3 Be6 17. Re1 h6 18. Ne5
Qf8 19. Qb3 Rc8 20. Bb1 $36 {[%cal Gb3c2,Gb1h7] 1-0 Damaso,R-Fernandes,A/Maia
2003/EXT 2004 (42)}) 14. Be3 (14. Qb3 Be6 15. Ng5 (15. Ba3 Bxa3 16. Qxa3 Nc6
17. Qd6 Qd7 18. Qf4 h6 $11) 15... Bf5 16. Bb5 Bd7 (16... Qe1+ 17. Bf1 $16) 17.
Bf1 Bc6 18. Ba3 (18. Qc2 g6 19. Bd2 Qd7 20. Re1 Qc7 21. Nf3 Nd7 $11) 18... Bxa3
19. Qxa3 Nd7 20. Bd3 h6 21. Nf3 Qf8 $11) 14... Ba6 15. Ng5 h6 (15... Bxd3 16.
Qxd3 g6 17. c4 Nc6 18. cxd5 Nb4 19. Qb3 $14) 16. Bh7+ $1 Kf8 (16... Kh8 17. Qh5
Nd7 (17... Nc6 18. Bf5 Kg8 19. Re1 Nd8 20. Nh7 $1 $40) 18. Bf5 Nf6 19. Nxf7+
Kg8 20. Nxh6+ gxh6 21. Qxh6 Qf7 22. Bg5 $18) 17. Nf3 (17. Nh3 Nd7 18. Bf4 Bxf4
19. Nxf4 Nf6 $11) 17... Nd7 18. Qc2 Qe7 (18... Nf6 19. Re1 Qc6 20. Ne5 Qc7 21.
Bf4 Re8 22. Re3 $36) 19. Re1 Re8 20. Bf5 Nf6 21. Ne5 Qc7 (21... Bxe5 22. dxe5
Qxe5 23. Bc5+ bxc5 24. Rxe5 Rxe5 25. h3 $14) 22. Bf4 Bc8 23. Bd3 Re7 $11 {
Black finished the piece development successfully and equalized the game. His
last problem is to exchange the Ne5.} 24. h3 Nd7 25. Nxd7+ Bxd7 26. Rxe7 Kxe7
27. Qe2+ Be6 28. Bxd6+ Qxd6 29. Qb2 a5 $6 30. Be2 g5 31. Bf3 Kd8 32. Qb5 Kc7
33. Qa6 Kb8 (33... Qf4 $11) 34. Qb5 (34. c4 Bc8 35. Qb5 dxc4 36. Qxc4 f5 $132)
34... Ka7 35. Be2 Qc7 36. Qa6+ Kb8 37. Qb5 Qd6 38. Bf3 Ka7 39. Be2 Bd7 40. Qa6+
Kb8 41. Bf3 Qc6 42. c4 Bc8 43. Qb5 (43. cxd5 Qc1+ 44. Qf1 Qxf1+ 45. Kxf1 Kc7
$15) 43... Bb7 44. Qb1 Qxc4 45. Qxb6 a4 (45... Qc1+ $11) 46. Qd8+ Ka7 47. Qa5+
Kb8 48. Qd8+ Ka7 49. Qa5+ Kb8 50. Qd8+ 1/2-1/2

[Event "Groningen Harmonie"]
[Site "Groningen"]
[Date "2004.12.21"]
[Round "1"]
[White "Nijboer, Friso"]
[Black "Ernst, Sipke"]
[Result "1-0"]
[WhiteElo "2567"]
[BlackElo "2521"]
[Annotator "Huzman,A"]
[PlyCount "73"]
[EventDate "2004.12.21"]
[EventType "tourn"]
[EventRounds "9"]
[EventCountry "NED"]
[EventCategory "10"]
[SourceTitle "CBM 105"]
[Source "ChessBase"]
[SourceDate "2005.04.11"]
[SourceVersion "1"]
[SourceVersionDate "2005.04.11"]
[SourceQuality "1"]

1. e4 e5 2. Nf3 Nf6 3. Nxe5 d6 4. Nf3 Nxe4 5. d4 d5 6. Bd3 Bd6 7. O-O O-O 8. c4
Nf6 9. c5 Be7 10. Qc2 (10. Nc3 b6 (10... Bg4 11. h3 Bh5 12. Bf4 c6 13. b4 Nbd7
14. a4 a6 15. Re1 Re8 16. g4 Bg6 17. Bg3 $14 {0-1 Ronnqvist,T-Rantanen,T/
Finland 2001/CBM 79 ext (39)}) 11. cxb6 axb6 12. Qc2 c5 13. Be3 Nc6 $11 {
0-1 Vives,G-Barrionuevo,P/Buenos Aires 2002/CBM 90 ext (25)}) (10. Ne5 b6 (
10... Nbd7 11. f4 (11. Bf4 Nxe5 12. Bxe5 Ng4 13. Bg3 Bh4 14. h3 Bxg3 15. fxg3
Ne3 16. Bxh7+ $14 {0-1 Roeder-Burkhardt,J/Koblenz 1992/EXT 2000 (26)}) 11... c6
12. Nc3 Ne8 13. Qc2 g6 14. Be3 Ng7 15. b4 a6 16. Rae1 Nf6 17. f5 $40 {1-0
Odeev,H-Nguyen Thanh Son/Istanbul 2000/EXT 2001 (31)}) (10... Be6 11. f4 c6 12.
Nd2 Nbd7 13. f5 Bxc5 14. Nef3 $18 {1-0 Grosar,K-Glavas,A/Pula 1999/EXT 2000 
(26)}) 11. cxb6 axb6 12. Nc3 c5 13. Be3 Bb7 14. Ne2 Nc6 $11 {0-1 Rosenthal,
S-Sellman,A/London 1883/HCL (47)}) (10. h3 Re8 11. Nc3 Nbd7 12. Bf4 Nf8 13. b4
Ne6 14. Bh2 b6 15. Re1 $14 {1-0 Neuschmied,S-Gavor,F/Austria 2001/EXT 2002 (40)
}) 10... b6 $6 (10... Nc6 11. a3 Bg4 12. Nbd2 a5 (12... Ne4 13. Nxe4 Bxf3 14.
Ng3 Be4 15. Nxe4 Nxd4 16. Nf6+ Kh8 17. Qa4 Bxf6 $17 {0-1 Plazaola,
S-Barrionuevo,P/Villa Ballester 2004/CBM 98 ext (36)}) 13. b3 h6 14. Bb2 Nh5
15. Rfe1 Nf4 16. Bf5 Bxf5 17. Qxf5 Ne6 $11 {0-1 Al Sherkh Khade,W-Rantanen,T/
Istanbul 2000/EXT 2001 (75)}) 11. c6 $1 {This wellcalculated move gives White
a big advantage. Black has to win the pawn c6 but it takes a lot of time and
white's development advantage became a decisive factor.} Qd6 12. Ne5 Ng4 13.
Bf4 $1 (13. Nxg4 Bxg4 14. Bxh7+ Kh8 15. Bf5 Bxf5 16. Qxf5 Nxc6 17. Bf4 Qf6 18.
Qh5+ Kg8 19. Bxc7 Rac8 20. Be5 Nxe5 21. dxe5 Qe6 $44) 13... Nxe5 14. Bxe5 Qxc6
15. Nc3 $1 Be6 (15... h6 16. Nxd5 $1 $18) 16. Bxh7+ Kh8 17. Bd3 $40 {[%cal
Gc2e2,Ge2h5][%mdl 4]} Nd7 18. Qe2 Kg8 19. Bb5 $1 Qb7 20. Bxg7 $1 {[%mdl 64]
This is a nice tactical blow practically finishing the game.} Kxg7 21. Bxd7 $18
Bxd7 22. Qxe7 c6 23. Rae1 (23. f4 $1 Rfe8 24. Qg5+ Kf8 25. f5 $18) 23... Rae8
24. Qg5+ Kh7 25. Re3 Rg8 (25... Rxe3 26. fxe3 $18) 26. Qh5+ Kg7 27. Rg3+ Kf8
28. Qh6+ Ke7 29. Re1+ (29. Nxd5+ $1 cxd5 30. Re3+ Kd8 31. Qf6+ Kc7 32. Rc3+ Kb8
33. Qd6+ Ka8 34. Rc7 Bh3 35. Rxb7 Bxg2 36. Rxf7 Bh3+ 37. Qg3 $18) 29... Kd8 30.
Rxg8 Rxg8 31. Qf6+ Kc8 32. Qxf7 Rxg2+ 33. Kh1 Rg4 34. f3 Rxd4 35. Re8+ Kc7 36.
Qe7 c5 37. Qe5+ (37. Qe5+ Kc6 38. Qf6+ Kc7 39. Nb5+ Bxb5 40. Qd8+ Kc6 41. Re6#)
1-0

[Event "Drammen Smartfish Masters"]
[Site "Drammen"]
[Date "2004.12.28"]
[Round "2"]
[White "Shirov, Alexei"]
[Black "Nielsen, Peter Heine"]
[Result "1/2-1/2"]
[WhiteElo "2726"]
[BlackElo "2663"]
[Annotator "Huzman,A"]
[PlyCount "80"]
[EventDate "2004.12.27"]
[EventType "tourn"]
[EventRounds "9"]
[EventCountry "NOR"]
[EventCategory "14"]
[SourceTitle "CBM 105"]
[Source "ChessBase"]
[SourceDate "2005.04.11"]
[SourceVersion "1"]
[SourceVersionDate "2005.04.11"]
[SourceQuality "1"]

1. e4 e5 2. Nf3 Nf6 3. Nxe5 d6 4. Nf3 Nxe4 5. Bd3 d5 6. Qe2 Qe7 7. O-O Nd6 8.
Re1 Qxe2 9. Rxe2+ (9. Bxe2 Be7 10. d4 Nc6 (10... f6 11. Bf4 Kf7 12. Nbd2 Bf5
13. Nf1 Nd7 14. Ne3 Be6 15. c4 c6 16. cxd5 cxd5 17. Nd2 Nb6 18. Bf3 Rac8 19.
Nb3 Ndc4 $11 {1-0 Breder,D-Blauert,J/Budapest HUN 2004/(78)}) 11. c3 {1/2-1/2
Beckmann,K-Dutreeuw,M/Germany 2000/EXT 2001 (11)}) 9... Be7 10. Nc3 Be6 11. Nd4
Kd7 12. Nxe6 fxe6 {I think Black has more perspectives, because White has big
problems with the pieces development on the queen's side. The advantage of two
bishops do not fully compensate this fact.} 13. Nd1 (13. Nb5 Nxb5 14. Bxb5+ c6
15. Bd3 Bf6 16. c3 c5 17. Bb5+ Nc6 18. d3 Rhe8 $11 {1/2-1/2 Leko,P-Kramnik,V/
Linares 1999/CBM 70 (28)}) 13... c5 14. c3 Nc6 15. Bc2 b5 (15... c4 16. d4 cxd3
17. Bxd3 e5 18. f3 Rad8 19. Nf2 $14) 16. d3 a5 (16... d4 $5 17. Bd2 Bf6 $36)
17. Bd2 a4 18. a3 Na5 (18... d4 $5) 19. Ne3 Nb3 $11 20. Rae1 Bf6 21. Ng4 Nxd2
22. Rxd2 b4 23. cxb4 cxb4 24. axb4 Ra6 (24... Rhb8 $1 25. d4 (25. Rde2 Rxb4 26.
Nxf6+ gxf6 27. Rxe6 Ne4 $17) 25... Rxb4 26. Nxf6+ gxf6 27. Bxh7 Rab8 28. Bc2
R8b6 29. f4 f5 30. Ra1 Nc4 31. Rd3 Nxb2 32. Rda3 Rxd4 33. Bxa4+ Kd6 34. g3 $15)
25. d4 Rb8 (25... Nc4 26. Bd3 Nxd2 27. Bxa6 Rb8 28. Nxf6+ gxf6 29. b5 Nb3 30.
Rd1 Kd6 31. f4 $13) 26. Bxh7 Rxb4 27. Nxf6+ gxf6 28. h4 $1 $132 {The passed
pawn h4 gives White counterplay which is enough for a draw.} Nc4 29. Rd3 Rxb2
30. Rg3 a3 31. Rg7+ Ke8 32. h5 a2 (32... Kf8 33. h6 a2 34. Bg6 $11) 33. h6 Kf8
34. Bg6 Rb8 35. Ra1 (35. Rf7+ Kg8 36. Rg7+ $11) 35... Nd2 36. Kh2 Nb3 37. Rf7+
Kg8 38. Rg7+ Kh8 39. Rh7+ Kg8 40. Rg7+ Kh8 1/2-1/2

[Event "Ciocaltea Memorial"]
[Site "Bucharest"]
[Date "2001.03.11"]
[Round "8"]
[White "Fressinet, Laurent"]
[Black "Brodsky, Michail"]
[Result "1/2-1/2"]
[WhiteElo "2581"]
[BlackElo "2527"]
[Annotator "Huzman,A"]
[PlyCount "65"]
[EventDate "2001.03.04"]
[EventType "tourn"]
[EventRounds "11"]
[EventCountry "ROU"]
[EventCategory "12"]
[SourceTitle "CBM 082"]
[Source "ChessBase"]
[SourceDate "2001.05.17"]
[SourceVersion "1"]
[SourceVersionDate "2001.05.17"]
[SourceQuality "1"]

1. e4 e5 2. Nf3 Nf6 3. Nxe5 d6 4. Nf3 Nxe4 5. d4 d5 6. Bd3 Nc6 7. O-O Be7 8. c4
Nb4 9. Be2 O-O 10. Nc3 Be6 11. Ne5 f6 12. Bg4 Bc8 13. Bxc8 Rxc8 14. Nf3 (14.
Nd3 Nxc3 15. bxc3 Nxd3 16. Qxd3 c5 17. Be3 cxd4 18. Qxd4 Bc5 19. Qxd5+ Qxd5 20.
cxd5 Bxe3 21. fxe3 Rxc3 $11 {/=/+}) (14. Ng4 f5 (14... c5 15. dxc5 Bxc5 16. a3
Nxc3 17. bxc3 Na6 18. cxd5 Nc7 19. c4 b5 20. cxb5 Nxb5 21. Be3 $16) 15. Ne5
dxc4 16. Nxc4 c5 $11) 14... c6 (14... Nxc3 15. bxc3 Nc6 16. Qa4 dxc4 17. Rb1
Rb8 18. Qxc4+ Kh8 19. Re1 Bd6 20. Qa4 Re8 21. Be3 a6 22. c4 $14) (14... c5 15.
Be3 (15. Qe2 cxd4 16. Nxd4 (16. Nxd5 Nxd5 17. Qxe4 Rxc4 18. b3 Rc8 19. Nxd4 Nc3
20. Qe6+ Kh8 21. Bb2 $11) 16... Re8 17. Rd1 Bf8 $15) (15. Re1 cxd4 16. Nxd5 (
16. Nxe4 dxe4 17. Rxe4 d3 18. Bf4 Nc2 19. Rc1 f5 20. Rxe7 Qxe7 21. Qxd3 Qe4 $17
) 16... Nxd5 17. Rxe4 (17. Qxd4 Nxf2 18. Qxd5+ Qxd5 19. cxd5 Bc5 20. Be3 Nd3
$11) 17... Rxc4 18. Rxd4 $11) 15... cxd4 16. Nxd4 Qd7 17. Nxd5 Nxd5 18. cxd5
Qxd5 19. Nb3 $11) 15. Re1 Nxc3 (15... f5 16. a3 Na6 (16... Nxc3 17. bxc3 Na6
18. Qe2 Bf6 19. Rb1 Rf7 20. Bf4 $36) 17. Qb3 $16) 16. bxc3 Na6 17. Rb1 (17. Bf4
Nc7 (17... Qd7 18. Qb3 dxc4 19. Qxc4+ Kh8 $11) 18. Rb1 (18. Qa4 a6 19. c5 Qd7
$11) 18... b6 19. Qa4 dxc4 20. Qxc4+ Nd5 $11) 17... Rc7 18. c5 Rd7 19. Bf4 Rf7
20. Re6 Bf8 21. Qe2 Rde7 (21... Nc7 22. Bxc7 Qxc7 23. c4 $14) 22. c4 Qd7 23.
Rxe7 Rxe7 24. Qd3 Rf7 (24... Qe6 25. cxd5 Qxd5 26. Bd6 Rf7 27. Bxf8 Rxf8 28.
Qa3 Rf7 29. Re1 $36) 25. Nd2 Qe6 26. Qe3 Qf5 27. Bd6 Rd7 28. Bxf8 Kxf8 29. Qb3
(29. Re1 Nc7 $11) 29... Re7 30. cxd5 Qxd5 31. Qxd5 cxd5 32. Nf1 Nb8 33. Ne3 (
33. Ne3 Nc6 34. Nf5 Rc7 $11) 1/2-1/2

[Event "Bermuda"]
[Site "Bermuda"]
[Date "2005.02.05"]
[Round "6"]
[White "Volokitin, Andrei"]
[Black "Dominguez Perez, Leinier"]
[Result "0-1"]
[WhiteElo "2685"]
[BlackElo "2661"]
[Annotator "Huzman,A"]
[PlyCount "94"]
[EventDate "2005.01.30"]
[EventType "tourn"]
[EventRounds "10"]
[EventCountry "BER"]
[EventCategory "17"]
[SourceTitle "CBM 106"]
[Source "ChessBase"]
[SourceDate "2005.06.06"]
[SourceVersion "1"]
[SourceVersionDate "2005.06.06"]
[SourceQuality "1"]

1. e4 e5 2. Nf3 Nf6 3. Nxe5 d6 4. Nf3 Nxe4 5. d4 d5 6. Bd3 Nc6 7. O-O Be7 8.
Re1 Bg4 9. c3 f5 10. Nbd2 O-O 11. Qb3 Na5 12. Qc2 Bd6 13. Ne5 Bxe5 14. dxe5 Qh4
15. Nf1 (15. Rf1 $5 Nxd2 (15... Nc6 16. f3 Bh5 17. Qb3 Nxd2 18. Bxd2 Rad8 19.
Rae1 $16) 16. Bxd2 Nc4 (16... f4 17. c4 Nxc4 18. Bxc4 dxc4 19. Qxc4+ Kh8 (19...
Rf7 20. e6 Rf6 21. Rfe1 $16) 20. f3 Bf5 21. Qxc7 $16) 17. Bf4 Rae8 18. Rfe1 Bf3
19. Bg3 Qh5 20. Bxc4 dxc4 21. gxf3 f4 22. Qe4 fxg3 23. fxg3 Qxf3 24. Qxc4+ Kh8
25. Qe2 $16) 15... Nc6 16. Bf4 Rae8 (16... Bh5 17. Bg3 Qe7 18. f3 Nxg3 (18...
Kh8 19. fxe4 fxe4 20. Bxe4 dxe4 21. Qxe4 $16)) (16... Bd1 17. Raxd1 Qxf4 18.
Ne3 Qxe5 19. Nxd5 $16) 17. f3 ({White had a very interesting possibility to
improve Bf4 by move} 17. e6 $5 Bd1 (17... Rxe6 18. f3 Bh5 (18... Bxf3 19. Bg3
Qh6 20. gxf3 Nxg3 21. Rxe6 Qxe6 22. hxg3 Ne5 23. f4 $16) 19. Bxc7 Re7 20. fxe4
fxe4 21. Bc4 $1 dxc4 22. Bd6 $14) 18. Raxd1 Qxf4 19. Ne3 Ne7 20. c4 c6 21. f3
d4 22. fxe4 dxe3 23. Rf1 $16) 17... Bxf3 $1 {[%mdl 512] Black catches the
initiative by a piece sacrifice.} (17... Bh5 18. g3 (18. Be3 Bxf3 19. gxf3 Nxe5
20. Be2 f4 21. Bd4 Ng5 22. Kh1 c6 $44) 18... Qe7 19. fxe4 fxe4 20. Be2 $16) 18.
Bg3 Nxg3 19. hxg3 Qh5 20. gxf3 Nxe5 $44 21. Be2 f4 $1 22. g4 Qg5 {[%cal Yh7h5]}
(22... Qh3 $5 23. Bd1 Qh4 $1 24. Qd2 c6 $36 {[%cal Yh7h5]}) 23. Qd2 (23. Qb3 c6
24. c4 h5 25. cxd5 hxg4 26. dxc6+ Kh8 $19) 23... c6 24. Nh2 h5 (24... Qh4 25.
Bf1 Rf6 26. Qf2 Qg3+ 27. Qg2 $13) 25. Rf1 (25. Qd4 hxg4 26. fxg4 f3 27. Bxf3
Qh4 $1 28. Bxd5+ cxd5 29. Qxd5+ Kh8 30. Qg2 $13) 25... hxg4 26. Nxg4 (26. fxg4
Qh4 27. Qe1 Qh3 28. Qd1 Rf6 $17) 26... Qh4 27. Nh2 (27. Bd1 $1 {[%cal Gd2h2]
White missed the opportunity to organize his defence.} Nc4 (27... Re6 28. Qf2
Qh3 29. Qg2 Qh4 30. Bc2 $16) 28. Qg2 (28. Qf2 Qh3 29. Bc2 $1 $14) 28... Ne3 29.
Nxe3 fxe3 $44) 27... Rf6 (27... Re6 28. Rf2 Rf5 29. Ng4 Rg6 30. Rh2 (30. Raf1
Nxg4 31. fxg4 f3 $1 32. Bxf3 Rxf3 33. Rxf3 Rxg4+ $19) 30... Qg3+ 31. Rg2 Qxf3
32. Qc2 Qe4 33. Qxe4 dxe4 34. Nxe5 Rxg2+ 35. Kxg2 Rxe5 $13) 28. Rf2 (28. Qd4 $5
Kh8 (28... Kf7 29. Rf2 (29. Qf2 Qh3 30. Kh1 Qg3 31. Qg1 Rh8 32. Rf2 Rfh6 33.
Raf1 $13) 29... Rg6+ 30. Kh1 (30. Rg2 Rh8 $19) 30... Qg3 31. Raf1 Rh8 32. Qxe5
Rgh6 33. Qc7+ (33. Qf5+ Ke7 34. Qe5+ Kd7) 33... Ke6 $19) (28... Ng4 29. Nxg4
Qg3+ 30. Kh1 Rxe2 31. Rf2 Rxf2 32. Qxf2 Rh6+ 33. Nxh6+ $18) 29. Rf2 Rg6+ 30.
Kh1 c5 $1 31. Qxc5 b6 32. Qd4 Nc6 33. Qd3 Qxf2 34. Qxg6 Rxe2 35. Qh5+ Kg8 36.
Qxd5+ Kf8 37. Qd6+ Kf7 38. Qc7+ (38. Qd5+ Ke7 39. Qg5+ Kd7 40. Qxg7+ Kc8 41.
Qg1 Rxb2 $17) 38... Ne7 39. Qxf4+ Kg8 40. Rg1 $11) 28... Rg6+ 29. Rg2 Ree6 30.
Rf1 $2 {Volokitin defended badly in this game.} ({White's position was still
defendable after} 30. Qd1 $1 Rg3 (30... Rxg2+ 31. Kxg2 Qg3+ 32. Kh1 Rh6 33. Qg1
Nxf3 34. Bxf3 (34. Qxg3 fxg3 35. Bxf3 Rxh2+ 36. Kg1 Rxb2 $17) 34... Qxf3+ 35.
Qg2 Qg3 36. Rg1 Rh3 37. Qe2 $11) 31. Kh1 Reg6 32. Rf2 Rh6 33. Qe1) (30. Qe1 $2
Nxf3+ $1 31. Nxf3 Rxg2+ 32. Kxg2 Rg6+ 33. Kf1 Qh1+ 34. Kf2 Rg2#) 30... Rxg2+
31. Kxg2 Rh6 $1 32. Rh1 Qg3+ 33. Kf1 Rxh2 34. Rxh2 Qxh2 35. Qd4 Qh3+ 36. Ke1
Nxf3+ 37. Bxf3 Qxf3 38. Qxa7 Qe3+ $1 39. Qxe3 fxe3 40. Ke2 Kf7 41. Kxe3 g5 42.
a4 Kf6 43. a5 Ke5 44. Kf3 Kf5 45. Ke3 g4 46. Kd4 g3 47. Ke3 Kg4 0-1

[Event "Dubai op"]
[Site "Dubai"]
[Date "2001.04.20"]
[Round "6"]
[White "Galkin, Alexander"]
[Black "Motylev, Alexander"]
[Result "1/2-1/2"]
[WhiteElo "2556"]
[BlackElo "2601"]
[Annotator "Huzman,A"]
[PlyCount "51"]
[EventDate "2001.04.15"]
[EventType "swiss"]
[EventRounds "9"]
[EventCountry "UAE"]
[SourceTitle "CBM 083"]
[Source "ChessBase"]
[SourceDate "2001.07.05"]
[SourceVersion "1"]
[SourceVersionDate "2001.07.05"]
[SourceQuality "1"]

1. e4 e5 2. Nf3 Nf6 3. Nxe5 d6 4. Nf3 Nxe4 5. d4 d5 6. Bd3 Nc6 7. O-O Be7 8. c4
Nb4 9. Be2 O-O 10. Nc3 Be6 11. Ne5 f6 12. Nf3 Kh8 13. a3 Nxc3 14. bxc3 Nc6 15.
Nd2 f5 16. Re1 Bf6 17. Nb3 b6 18. Bf3 Bg8 19. cxd5 Bxd5 20. Bf4 Rc8 $1 {
[%cal Yc6e5,Yf6e5] Young champion of Russia is playing Petroff with good
understanding!Also in this game he demonstrates right plan to neutralize
White`s pressure.} (20... Ne7 {[%csl Re5]} 21. Be5 c6 22. Bxf6 Rxf6 23. Nc1 Ng6
24. Nd3 h6 25. Ne5 Nh4 26. Bxd5 Qxd5 27. f3 c5 28. dxc5 {1/2-1/2 Leko,
P-Kramnik,V/Dortmund GER 2000 (28)}) 21. Be5 (21. Nc1 $5 Na5 22. Nd3 c5 23.
Bxd5 Qxd5 24. Be5 cxd4 (24... Nc6 25. Bxf6 Rxf6 26. dxc5 bxc5 27. Ne5 $36) 25.
Nf4 Qd7 26. cxd4 $14 {/=}) 21... Qd7 22. Bxf6 Rxf6 23. Nc1 Re6 $1 $11 {[%mdl 4]
} 24. Rxe6 Qxe6 25. Nd3 Re8 26. h3 (26. h3 Be4 $11) 1/2-1/2

[Event "Redbus KO"]
[Site "Southend"]
[Date "2001.04.14"]
[Round "2.2"]
[White "Chandler, Murray G"]
[Black "Adams, Michael"]
[Result "1/2-1/2"]
[WhiteElo "2529"]
[BlackElo "2750"]
[Annotator "Huzman,A"]
[PlyCount "106"]
[EventDate "2001.04.13"]
[EventType "k.o."]
[EventRounds "4"]
[EventCountry "ENG"]
[SourceTitle "CBM 083"]
[Source "ChessBase"]
[SourceDate "2001.07.05"]
[SourceVersion "1"]
[SourceVersionDate "2001.07.05"]
[SourceQuality "1"]

1. e4 e5 2. Nf3 Nf6 3. Nxe5 d6 4. Nf3 Nxe4 5. d4 d5 6. Bd3 Nc6 7. O-O Be7 8. c4
Nb4 9. Be2 O-O 10. Nc3 Bf5 11. a3 Nxc3 12. bxc3 Nc6 13. Re1 dxc4 14. Bxc4 Bd6
15. Ng5 Qd7 16. Ra2 Bg6 17. Rae2 Rae8 18. Ne4 Rxe4 19. Rxe4 Bxe4 20. Rxe4 Re8
21. Rxe8+ (21. f3 $5 Nd8 22. Bb3 c6 23. a4 Ne6 24. g3 Nc7 $14 {1/2-1/2 Adams,
M-Anand,V/New Delhi/Theran 2000/CBM 81/[Huzman] (73)}) (21. Qe2 {Huzman} Rxe4
22. Qxe4 Qe7 23. f3 $14) 21... Qxe8 22. g3 g6 $1 {[%mdl 4]} 23. a4 Ne7 24. Bg5
(24. Qf3 Nf5 $132) (24. Qb3 Nf5 25. Bd2 b6 $11 {[%cal Yc7c5]}) 24... Nf5 25. a5
c6 26. Qb1 (26. g4 Ng7 $11 {[%cal Yg7e6]}) 26... Qd7 27. a6 bxa6 $1 (27... b5
28. Bf1 $36 {[%csl Rb5,Rc6][%cal Gf1g2,Gb1e4,Gg2c6]}) 28. Bxa6 h6 29. Bd2 c5
$11 {[%mdl 4]} 30. Bc4 (30. Bd3 cxd4 31. Bxf5 Qxf5 32. Qxf5 gxf5 33. cxd4 h5
34. Kf1 Kg7 35. Ke2 Kf6 36. Kd3 Ke6 37. Kc4 f4 $11) (30. d5 $5 Be5 $132 {
[%cal Yf5d6]}) 30... cxd4 31. cxd4 Kh7 (31... Nxd4 $4 32. Qxg6+ $18) 32. Bc3
Bf8 33. Qa2 (33. d5 Bg7 $11) 33... Nxd4 34. Bxd4 Qxd4 35. Bxf7 Qd7 36. Bg8+ Kg7
37. Be6 Qc7 38. Bd5 Bc5 39. Qb2+ Kh7 40. Kg2 Qg7 41. Qc2 Bb6 42. h4 h5 43. Be4
Qf7 44. f4 Kg7 45. f5 gxf5 46. Bxf5 Qd5+ 47. Be4 Qc5 48. Qd1 Qd4 49. Qf3 Qe3
50. Qf5 Qe2+ 51. Kh3 Qg4+ $1 52. Qxg4+ hxg4+ 53. Kxg4 Bf2 (53... Bf2 54. Kh3
Bxg3 $11) 1/2-1/2